Biblioteca y Centro de Documentación

Training (Registro nro. 4145)

Detalles MARC
000 -CABECERA
Longitud fija campo de control 01351nam a2200373 c 4500
001 - NÚMERO DE CONTROL
Número de control 4145
003 - IDENTIFICADOR DE NÚMERO DE CONTROL
Identificador del número de control ES-MaCES
005 - FECHA Y HORA DE LA ÚLTIMA TRANSACCIÓN
Fecha y hora de la última transacción 20150925135503.0
008 - CAMPO FIJO DE DESCRIPCIÓN FIJA--INFORMACIÓN GENERAL
Códigos de información de longitud fija   960702s1994 xxk ||| | eng d
020 ## - ISBN (INTERNATIONAL STANDARD BOOK NUMBER)
Número Internacional Normalizado para Libros (ISBN) 0863924190
035 ## - NÚMERO DE CONTROL DEL SISTEMA
Número de control del sistema CES19980041803m
040 ## - FUENTE DE CATALOGACIÓN
Centro catalogador de origen ES-MaCES
Lengua de catalogación spa
Centro transcriptor ES-MaCES
100 1# - ENCABEZAMIENTO PRINCIPAL--NOMBRE PERSONAL
Nombre de persona Campanelli, Pamela
9 (RLIN) 8823
245 10 - MENCIÓN DE TÍTULO
Título Training
Resto del título : an exploration of the word and the concept with an analysis of the implications for survey design
Mención de responsabilidad, etc. by Pamela Campanelli and Joanna Channell, with contributions from Liz McAulay, Antoinette Renouf and Roger Thomas
260 ## - PUBLICACIÓN, DISTRIBUCIÓN, ETC (PIE DE IMPRENTA)
Lugar de publicación, distribución, etc. [Sheffield]
Nombre del editor, distribuidor, etc. [Employment Department]
Fecha de publicación, distribución, etc. [1994]
300 ## - DESCRIPCIÓN FÍSICA
Extensión 165 p.
Dimensiones 30 cm
490 1# - MENCIÓN DE SERIE
Mención de serie Research series
Designación de volumen o secuencia 30
504 ## - NOTA DE BIBLIOGRAFÍA, ETC.
Nota de bibliografía, etc. Bibliografía: p. 97-98
541 ## - NOTA DE LA FUENTE INMEDIANTE DE ADQUISICIÓN
Forma de adquisición Gratuito
650 #4 - ASIENTO SECUNDARIO DE MATERIA--TÉRMINO DE MATERIA
Término de materia o nombre geográfico como elemento inicial opinión
9 (RLIN) 27275
650 #4 - ASIENTO SECUNDARIO DE MATERIA--TÉRMINO DE MATERIA
Término de materia o nombre geográfico como elemento inicial lingüística
9 (RLIN) 27358
650 #4 - ASIENTO SECUNDARIO DE MATERIA--TÉRMINO DE MATERIA
Término de materia o nombre geográfico como elemento inicial estudio de investigación
9 (RLIN) 29263
653 10 - TÉRMINO DE INDEXACIÓN--NO CONTROLADO
Término no controlado Educación
650 #4 - ASIENTO SECUNDARIO DE MATERIA--TÉRMINO DE MATERIA
9 (RLIN) 27392
Término de materia o nombre geográfico como elemento inicial formación
700 1# - ENCABEZAMIENTO SECUNDARIO--NOMBRE PERSONAL
Nombre de persona Channell, Joanna
9 (RLIN) 9487
700 1# - ENCABEZAMIENTO SECUNDARIO--NOMBRE PERSONAL
Nombre de persona Mac Aulay, Liz
Término indicativo de función col.
9 (RLIN) 17195
700 1# - ENCABEZAMIENTO SECUNDARIO--NOMBRE PERSONAL
Nombre de persona Renouf, Antoinette
Término indicativo de función col.
9 (RLIN) 21903
700 1# - ENCABEZAMIENTO SECUNDARIO--NOMBRE PERSONAL
Nombre de persona Thomas, Roger
Término indicativo de función col.
9 (RLIN) 24872
710 1# - ENCABEZAMIENTO SECUNDARIO--NOMBRE CORPORATIVO
Nombre de entidad o nombre de jurisdicción como elemento inicial Reino Unido
Unidad subordinada Employment Department
Término indicativo de función ed.
9 (RLIN) 4902
830 #0 - ENCABEZAMIENTO SECUNDARIO DE COLECCIÓN--TÍTULO UNIFORME
Título uniforme Research series (Reino Unido. Employment Department)
Designación de volumen o secuencia 30
9 (RLIN) 32667
902 ## - CES. TIPO DE DOCUMENTO
Tipodoc (006$c Sirtex) LIB Libro
942 ## - ELEMENTOS KOHA
Fuente de clasificaión o esquema Clasificación propia del CES
Koha [por defecto] tipo de item Monografías
Parte de clasificación 4.0.
Existencias
Número de registro Signatura completa Tipo de item de Koha
015097 DPT-2524 Monografías
© CES, Consejo Económico y Social de España 2021